Data Structures Using C And C++ (Record no. 773)

MARC details
000 -LEADER
fixed length control field 00262nam a22001217a 4500
041 ## - LANGUAGE CODE
Language code of text/sound track or separate title ENG
100 ## - MAIN ENTRY--PERSONAL NAME
Personal name Langsam.Y
245 ## - TITLE STATEMENT
Title Data Structures Using C And C++
260 ## - PUBLICATION, DISTRIBUTION, ETC. (IMPRINT)
Place of publication, distribution, etc Delhi
Name of publisher, distributor, etc Phi Learning
Date of publication, distribution, etc 2011
300 ## - PHYSICAL DESCRIPTION
Extent 672
650 ## - SUBJECT ADDED ENTRY--TOPICAL TERM
Topical term or geographic name as entry element Computer
856 ## - ELECTRONIC LOCATION AND ACCESS
Uniform Resource Identifier Computer
Holdings
Withdrawn status Lost status Source of classification or shelving scheme Damaged status Not for loan Home library Current library Shelving location Date acquired Total Checkouts Barcode Date last seen Price effective from Koha item type Cost, normal purchase price
    Dewey Decimal Classification     College of Agricultural Engineering and Technology, Dapoli , Library College of Agricultural Engineering and Technology, Dapoli , Library Book Cart 03/09/2021   005587 03/09/2021 03/09/2021 Books  
    Dewey Decimal Classification     College of Agricultural Engineering and Technology, Dapoli , Library College of Agricultural Engineering and Technology, Dapoli , Library Book Cart 03/09/2021   005588 03/09/2021 03/09/2021 Books  
    Dewey Decimal Classification     College of Agricultural Engineering and Technology, Dapoli , Library College of Agricultural Engineering and Technology, Dapoli , Library Book Cart 10/08/2022   007901 10/08/2022 10/08/2022 Books 725.00

Contact Us: College of Agricultural Engineering and Technology, Dapoli, Dist.- Ratnagiri
Website: https://dbskkv.org Email: caetlibrary2015@gmail.com